[Event "Cartagena IRT op 4th"]
[Site "Cartagena"]
[Date "2012.06.15"]
[Round "3"]
[White "Barros, Raul Junior"]
[Black "Sanz Alonso, Francisco Javier"]
[Result "0-1"]
[WhiteElo "2028"]
[BlackElo "2381"]
[PlyCount "86"]
[EventDate "2012.06.14"]
[EventType "swiss"]
[EventRounds "9"]
[EventCountry "COL"]
[SourceTitle "CBM 148 Extra"]
[Source "ChessBase"]
[SourceDate "2012.06.22"]
[SourceVersion "1"]
[SourceVersionDate "2012.06.22"]
[SourceQuality "1"]

1. d4 Nf6 2. Nf3 d5 3. c4 c6 4. cxd5 cxd5 5. Nc3 Nc6 6. Bf4 Nh5 7. Bd2 a6 8. e3 Nf6 9. Bd3 Bg4 10. 0-0 e6 11. Rc1 Bd6 12. h3 Bh5 13. a3 0-0 14. Be2 Qe7 15. b4 Bg6 16. Nh4 e5 17. Nxg6 hxg6 18. dxe5 Qxe5 19. f4 Qe7 20. Re1 Rfd8 21. Bf3 Bc7 22. Qc2 Rac8 23. Qb2 Bb6 24. Na4 Ba7 25. Nc5 Na5 26. Bc3 Nc4 27. Qa2 Bxc5 28. bxc5 Qxc5 29. Bb4 Qc7 30. Bc3 Qc5 31. Bb4 Qb6 32. Qf2 Re8 33. Bc3 Nxe3 34. Rb1 Qc5 35. Be5 Nc4 36. Rxb7 Qxa3 37. Bxf6 Rxe1+ 38. Qxe1 gxf6 39. Qh4 Nd2 40. Qxf6 Nxf3+ 41. gxf3 Qc1+ 42. Kf2 Rc2+ 43. Kg3 Qe1+ 0-1

[Event "Cartagena IRT op 4th"]
[Site "Cartagena"]
[Date "2012.06.15"]
[Round "2"]
[White "Sanz Alonso, Francisco Javier"]
[Black "Gaviria Galvis, Andres Felipe"]
[Result "1/2-1/2"]
[WhiteElo "2381"]
[BlackElo "2066"]
[PlyCount "33"]
[EventDate "2012.06.14"]
[EventType "swiss"]
[EventRounds "9"]
[EventCountry "COL"]
[SourceTitle "CBM 148 Extra"]
[Source "ChessBase"]
[SourceDate "2012.06.22"]
[SourceVersion "1"]
[SourceVersionDate "2012.06.22"]
[SourceQuality "1"]

1. e4 c6 2. d4 d5 3. exd5 cxd5 4. c4 Nf6 5. Nc3 Nc6 6. Bg5 e6 7. Nf3 Be7 8. c5 0-0 9. Bb5 Qc7 10. 0-0 Rd8 11. Re1 a6 12. Ba4 Ne8 13. Bxe7 Nxe7 14. Bc2 Nf6 15. Qd3 Bd7 16. Rac1 Re8 17. Qe2 1/2-1/2